Ένας ανήσυχος Δεκέμβρης
Αποθηκεύτηκε σε:
| Κύριος συγγραφέας: | |
|---|---|
| Μορφή: | Βιβλίο |
| Γλώσσα: | Greek English |
| Δημοσίευση: |
Αθήνα :
Ψυχογιός,
1986.
|
| Έκδοση: | 2η έκδ. |
| Σειρά: | Μεγάλοι σύγχρονοι λογοτέχνες
|
| Θέματα: | |
| Ετικέτες: |
Προσθήκη ετικέτας
Δεν υπάρχουν, Καταχωρήστε ετικέτα πρώτοι!
|
MARC
| LEADER | 00000cam a2200000 i 4500 | ||
|---|---|---|---|
| 001 | 1/19892 | ||
| 008 | 120525s1986 gr | ||| |||| ||gre|| | ||
| 035 | |l 10112594 | ||
| 040 | |a GR-MyUa |b gre |e AACR2 | ||
| 041 | 1 | |a gre |h eng | |
| 082 | 7 | |a 813 |2 (21) | |
| 100 | 1 | |a Bellow, Saul. | |
| 245 | 1 | 0 | |a Ένας ανήσυχος Δεκέμβρης / |c Σολ Μπέλοου ; μετάφραση: Γιάννης Κωστόπουλος. |
| 250 | |a 2η έκδ. | ||
| 260 | |a Αθήνα : |b Ψυχογιός, |c 1986. | ||
| 300 | |a 352 σ. ; |c 21 εκ. | ||
| 490 | 1 | |a (Μεγάλοι σύγχρονοι λογοτέχνες) | |
| 500 | |a Τίτλος πρωτοτύπου: The dean's December. | ||
| 650 | 0 | |a American fiction. | |
| 830 | 0 | |a Μεγάλοι σύγχρονοι λογοτέχνες | |
| 852 | |a INST |b SYROS |e 20120525 |h 813 BEL |p 005500010057 |q 005500010057 |t BK |y 0 | ||
| 901 | |a BIBL5-2012-1 | ||
| 970 | |a Τσουκαλά |b Αλίκη |z 25/05/2012 | ||